| 000 | 00783nam a2200229Ia 4500 | ||
|---|---|---|---|
| 005 | 20260430150757.0 | ||
| 008 | 008 250103s9999 xx 000 0 hin d | ||
| 037 | _aTheses | ||
| 040 | _aCRL | ||
| 040 | _bhin | ||
| 040 | _chin | ||
| 041 | _2hin | ||
| 041 | _ahin | ||
| 084 | _qCRL | ||
| 100 |
_aमीना, कालूराम, ले. _9868707 |
||
| 245 | 0 | _aऔपनिवेशिक राजस्थान में भील आन्दोलन की भूमिका {1921 - 1947} | |
| 260 | _c2022 | ||
| 300 | _a285पृ0 | ||
| 700 |
_aदिल्ली विश्वविद्यालय. सामाजिक विज्ञान विभाग. इतिहास विभाग _91238344 |
||
| 942 | _cTH | ||
| 999 |
_c1850721 _d1850721 |
||